| 000 | 00436nam a2200181Ia 4500 | ||
|---|---|---|---|
| 003 | GCL | ||
| 008 | 140319s9999 xx 000 0 eng d | ||
| 040 |
_aGCL / _cGCL |
||
| 082 | 0 | 4 |
_a069 _bU F |
| 100 | 1 | _aUNESCO | |
| 245 | 1 | 0 |
_aFIELD MANUAL FOR MUSEUMS / _cUNESCO |
| 260 |
_a[S.N] : _bUNESCO ، _c1970 |
||
| 300 | _a171 P P | ||
| 490 |
_aMUSEUMS AND MONUMENTS _v0 |
||
| 650 | 0 | 4 | _aMUSEUMS |
| 650 | 0 | 4 | _aARCHAEOLOGY |
| 942 |
_2ddc _cBK |
||
| 999 |
_c12134 _d12134 |
||